| 000 | 07552naa a2200697 4500 | ||
|---|---|---|---|
| 005 | 20100831111323.0 | ||
| 010 | _aB-410396-436 | ||
| 020 | _c525.00 | ||
| 035 | _aB-410396-436 | ||
| 037 | _bDisha Publications | ||
| 082 | _a530 | ||
| 100 |
_aAgarwal, D.K. _917624 |
||
| 245 |
_aDisha's objective physics for AIEEE and other entrance exams / _cby D.K. Agarwal |
||
| 250 | _a7th ed | ||
| 260 |
_aNew Delhi _bDisha Publications _c2010 |
||
| 270 |
_aB-32, Shivalik Main Road, Malviya Nagar, _bNew Delhi _e110017 |
||
| 300 |
_a1026, 8p. _c31cm (pbk) |
||
| 942 |
_adpl _cEN _2ddc _h530 _mAGA |
||
| 999 |
_c35489 _d35489 |
||